L'outre-mer français : 6 - La Martinique - Statistiques

Statistiques générales
  • Ce quiz a été pris 396 fois
  • Le résultat moyen est 9 sur 15
Statistiques - réponses
Indice Réponse % Correct
Dans quel océan est située la Martinique Atlantique
98%
Quelle est sa capitale actuelle ? Fort-de-France
91%
Poète et maire historique de la capitale Aimé Césaire
78%
Nom du premier Européen à poser le pied en Martinique Christophe Colomb
78%
Principale production agricole Banane
76%
Quel volcan détruisit sa capitale Saint-Pierre en 1902 ? La Montagne Pelée
74%
Archipel auquel elle est rattachée Antilles
73%
Autre production agricole importante Canne à sucre
71%
Le nom de la deuxième commune la plus peuplée évoque, à une lettre près, celui d'un mammifère marin Le Lamentin
67%
Nom de la tribu indienne occupant l'île au moment de l'arrivée des Européens Caraïbes
48%
Nation à qui s'allièrent les colons martiniquais mécontents de l'abolition de l'esclavage Angleterre
40%
Impératrice de France née en Martinique Joséphine de Beauharnais
35%
Chanteur martiniquais qui tape sur des bambous Philippe Lavil
17%
Ecrivain auteur, entre autres, de Texaco et d'Une enfance créole Patrick Chamoiseau
12%
Ecrivain auteur du premier dictionnaire créole / français Raphaël Confiant
8%
Aucun quiz correspondant
Distribution des résultats
% des personnes avec chaque résultat
Percentile par nombre de réponses
Votre historique - résultats
Vous n’avez pas pris ce quiz